| 000 | nam a22 a 4500 | ||
|---|---|---|---|
| 999 |
_c94867 _d94867 |
||
| 003 | BLK | ||
| 005 | 20221024094858.0 | ||
| 008 | 180408b bul|||||r ||||||| ||bul|| | ||
| 010 | _aKNG00099697000 | ||
| 040 | _aBLK | ||
| 041 |
_aBUL _cBUL |
||
| 080 |
_aХидротерапия (водотерапия). Балнеолечение. Курортотерапия - Лечение с бани, горещи бани, сауна, хладни бани, речно къпане, влажни фрикции, компреси, с "жива вода"(алкално активирана, с ph 9, 6;курорт _b615.838 _x(035) _z615.838(035) |
||
| 100 | 1 |
_aВладева, Лилия Владимирова _eпърви автор _9306113 |
|
| 139 |
_aБългарски курорти _bБ 92 |
||
| 245 | 1 | 0 |
_aБългарски курорти _bНаръчник на курортните обекти _cЛилия Владимирова Владева. |
| 257 | _aBGR | ||
| 260 |
_aСофия _bМедицина и физкултура _c1976 _fПловдив : Д. Благоев |
||
| 300 |
_a355 с. _b8 л. ил. _c22 см |
||
| 380 | _a61 | ||
| 500 | _aДруги авт.: Г. Загорски, Т. Карагеоргиев, Д. Караколев, Д. Костадинов, В. Маринов, В. Малиновска, Ст. Стаматов, Т. Стоянов, Л. Цветкова, К. Щерев ; Други ред.: Л. Цветкова, Д. Караколев. - Библиогр. с. 349. | ||
| 650 | 4 |
_aКурорти, български _9273640 |
|
| 651 | 4 |
_aБългария _9241624 |
|
| 653 | _aкурорти | ||
| 653 | _aбалнеолечение | ||
| 852 | _aЦб 83398 | ||
| 856 | 4 |
_qpdf _i0.00 _ldisable |
|
| 856 | 4 |
_qpdf _i0.00 _ldisable |
|
| 942 |
_cKNG _n0 _01 _s1 |
||
| 944 |
_aCR _c18.02.2011 _lдобави в АБ / 17.02.2011 _kРенета_Константинова |
||
| 944 |
_aED _c2022-10-24 _kир |
||
| 999 | _d94867 | ||